000 00639nam a2200133Ia 4500
008 171212s9999 xx 000 0 und d
020 _a9780833034243
100 _aHundley, Richard;Anderson, Robert H.;Bikson, Tora K.;Neu, C. Richard
245 _cHundley, Richard;Anderson, Robert H.;Bikson, Tora K.;Neu, C. Richard
_aThe Global Course of the Information Revolution
_bRecurring Themes and Regional Variations
260 _bRAND Corporation
_c2003
650 _aInformation superhighway; Information technology; Digital communications; Information society
650 _aPolitical Science
856 _uwww.jstor.org/stable/10.7249/mr1680nic
999 _c352667
_d352667